[Event "Online Face to Face U14"]
[Site "www.grandesmaestros.club"]
[Date "2020.06.21"]
[Round "4.1"]
[White "Ahumada Dita, Andres David"]
[Black "Ramirez Sosa, Carlos"]
[Result "0-1"]
[WhiteElo "1453"]
[BlackElo "1601"]
[PlyCount "74"]
[EventDate "2020.06.21"]
[EventType "swiss (rapid)"]
[EventRounds "5"]
[EventCountry "COL"]
[SourceTitle "EXT 2024"]
[Source "ChessBase"]
[SourceDate "2023.10.10"]
[SourceVersion "1"]
[SourceVersionDate "2023.10.10"]
[SourceQuality "1"]

1. e4 g6 2. g3 Bg7 3. Bg2 d6 4. Nf3 Nd7 5. Nc3 b6 6. d4 Bb7 7. Be3 Ngf6 8. Nd2 e5 9. d5 0-0 10. 0-0 c6 11. Nc4 cxd5 12. exd5 Nc5 13. Bxc5 dxc5 14. Nxe5 Nxd5 15. Bxd5 Bxd5 16. Re1 Bb7 17. Nd7 Re8 18. Rxe8+ Qxe8 19. Qd2 Rd8 20. Rd1 Bc6 21. Re1 Qxd7 22. Qxd7 Bxd7 23. Nd5 Be6 24. Ne7+ Kf8 25. Nc6 Rd7 26. Ne5 Bxe5 27. Rxe5 Bxa2 28. f4 Rd2 29. g4 Rxc2 30. f5 gxf5 31. gxf5 Kg7 32. Re7 Rxb2 33. Rxa7 c4 34. Kf1 c3 35. Rc7 c2 36. Ke2 c1Q+ 37. Kd3 Qxc7 0-1

[Event "Online Face to Face U14"]
[Site "www.grandesmaestros.club"]
[Date "2020.06.21"]
[Round "3.1"]
[White "Ramirez Sosa, Carlos"]
[Black "Gil Jaramillo, Miguel Angel"]
[Result "1-0"]
[WhiteElo "1601"]
[BlackElo "1238"]
[PlyCount "43"]
[EventDate "2020.06.21"]
[EventType "swiss (rapid)"]
[EventRounds "5"]
[EventCountry "COL"]
[SourceTitle "EXT 2024"]
[Source "ChessBase"]
[SourceDate "2023.10.10"]
[SourceVersion "1"]
[SourceVersionDate "2023.10.10"]
[SourceQuality "1"]

1. e4 e5 2. Nf3 Nc6 3. Bc4 Bc5 4. c3 Nf6 5. d3 d6 6. h3 0-0 7. 0-0 Qe7 8. Bg5 h6 9. Bh4 Be6 10. Bb5 a6 11. Bxc6 bxc6 12. Nbd2 Rab8 13. d4 exd4 14. cxd4 Bb4 15. e5 dxe5 16. dxe5 Bxd2 17. Qxd2 g5 18. Bxg5 hxg5 19. Qxg5+ Kh8 20. exf6 Qd6 21. Qh6+ Kg8 22. Qg7# 1-0